Origins of American Musical Artists - Statistics

General Stats
  • This quiz has been taken 229 times
  • The average score is 13 of 25
Answer Stats
Artist City % Correct
Elvis Presley Memphis
88%
Eminem Detroit
85%
The Notorious B.I.G. New York
77%
Prince Minneapolis
74%
Dolly Parton Nashville
72%
Louis Armstrong New Orleans
72%
Aretha Franklin Detroit
69%
Gloria Estefan Miami
66%
Taylor Swift Nashville
66%
Jackson 5 Gary
65%
Eagles Los Angeles
64%
Beastie Boys New York
62%
Billy Joel Hicksville
61%
Kanye West Chicago
57%
Grateful Dead San Francisco
53%
Aerosmith Boston
50%
TLC Atlanta
37%
The Black Eyed Peas Los Angeles
32%
Hall & Oates Philadelphia
27%
Imagine Dragons Las Vegas
26%
Kelly Clarkson Dallas
22%
Lauryn Hill Newark
13%
The Lumineers Denver
12%
Frank Ocean New Orleans
10%
Indigo Girls Atlanta
9%
No matching quizzes found
Score Distribution
Percent of People with Each Score
Percentile by Number Answered
Your Score History
You have not taken this quiz